Gün olur asra bedel/ (Record no. 18345)
| 000 -BAŞLIK | |
|---|---|
| Sabit Uzunluktaki Kontrol Alanı | 01650nam a22003497a 4500 |
| 001 - KONTROL NUMARASI | |
| Control Dosyası | 0018388 |
| 003 - KONTROL NUMARASI KİMLİĞİ | |
| Kontrol Alanı | KOHA_MİRAKIL |
| 005 - EN SON İŞLEM TARİHİ ve ZAMANI | |
| Kontrol Alanı | 20260207002210.0 |
| 007 - FİZİKSEL TANIM SABİT ALAN - GENEL BİLGİ | |
| Sabit uzunluklu kontrol alanı | ta |
| 008 - SABİT UZUNLUKTAKİ VERİ ÖGELERİ - GENEL BİLGİ | |
| Sabit Alan | 100701b2001 tu |||gr||||#||||1|tur | |
| 020 ## - ISBN - ULUSLARARASI STANDART KİTAP NUMARASI | |
| Isbn | 9754370532 |
| 040 ## - KATALOGLAMA KAYNAĞI | |
| Özgün Kataloglama Kurumu | TR-BiSEU |
| Kataloglama Dili | tur |
| Çeviri Kurumu | TR-BiSEU |
| Açıklama Kuralları | rda |
| 041 0# - DİL KODU | |
| Metin ya da ses kaydının dil kodu | tur |
| 044 ## - YAYINLAYAN/ÜRETEN KURULUŞUN ÜLKE KODU | |
| ISO country code | tu |
| 050 ## - SINIFLAMA ve YER NUMARASI | |
| Sınıflama Numarası | PG3478.A98 |
| Yer Numarası | G86 2001 |
| 100 1# - KİŞİ ADI | |
| Yazar Adı (Kişi adı) | Aitmatov, Chingiz. |
| 245 1# - ESER ADI BİLDİRİMİ | |
| Başlık | Gün olur asra bedel/ |
| Sorumluluk Bildirimi | Chingiz Aitmatov ; Cengiz Aytmatov; çev. Refik Özdek. |
| 264 #1 - ÜRERİM, YAYIN, DAĞITIM ve TELİF BİLDİRİMİ | |
| Yayın yeri | İstanbul : |
| Yayınlayan | Ötüken |
| Yayın tarihi | 2001 |
| 300 ## - FİZİKSEL TANIMLAMA | |
| Sayfa, Cilt vb. | 432 s. ; |
| Boyutları | 20 cm. |
| 336 ## - İÇERİK TÜRÜ | |
| Content type term | metin |
| Content type code | txt |
| Source | rdacontent |
| 337 ## - MEDYA TÜRÜ | |
| Media type term | aracısız |
| Media type code | n |
| Source | rdamedia |
| 338 ## - TAŞIYICI TÜRÜ | |
| Carrier type term | cilt |
| Carrier type code | nc |
| Source | rdacarrier |
| 490 1# - DİZİ BİLDİRİMİ | |
| Dizi Bildirimi | Yayın ; |
| Cilt Numarası | nu: 231. |
| 490 1# - DİZİ BİLDİRİMİ | |
| Dizi Bildirimi | Edebi eserler ; |
| Cilt Numarası | 118. |
| 500 ## - GENEL NOT | |
| Genel Not | Translated into Turkish. |
| 505 ## - İÇİNDEKİLER NOTU | |
| İçindekiler Notu | Yürek paralayan, tüyler ürperten bir haykırış.... Geçmiş, bugün ve yarın; bilim-kurgu, gerçek ve efsane bir arada gözler önüne serilir... Derin ve temiz aşklar, efsane ve masallar, KGB'nin acımasız uygulamaları, okuru heyecandan heyecana sürükler. Birbirinden ilginç ve sürükleyici konular ustalıkla bütünleştirilerek sunulur. "Mankurt" hikâyesi bu eserle kültürümüze mal edilir. Yedigey, ölen emektar arkadaşı Kazangap'ın cenazesini mezarına götürürken, kendisinin ve milletinin geçmişini, acı-tatlı, düşündürücü yanlarıyla bir bir gözlerinin önünden geçirir. O gün "asra bedel bir gün" olur. |
| 650 #0 - KONU BAŞLIĞI EK GİRİŞ - KONU TERİMİ | |
| Konusal terim veya coğrafi ad | Kırgız romanı. |
| 9 (RLIN) | 16015 |
| 650 #0 - KONU BAŞLIĞI EK GİRİŞ - KONU TERİMİ | |
| Konusal terim veya coğrafi ad | Kyrgyz fiction. |
| 9 (RLIN) | 16016 |
| 830 1# - SERİ EK GİRİŞİ - TEKBİÇİM ESER ADI | |
| Tekbiçim Başlık | Yayın ; |
| Volume number/sequential designation | nu: 231. |
| 9 (RLIN) | 1557 |
| 830 1# - SERİ EK GİRİŞİ - TEKBİÇİM ESER ADI | |
| Tekbiçim Başlık | Edebi eserler ; |
| Volume number/sequential designation | 118. |
| 9 (RLIN) | 7086 |
| 942 ## - EK GİRİŞ ÖGELERİ (KOHA) | |
| Source of classification or shelving scheme | Library of Congress Classification |
| Koha item type | Book |
| 505 ## - İÇİNDEKİLER NOTU | |
| -- | |
| Materyal Türü | Kalıcı Konum | Mevcut Konum | Sınıflandırma Kaynağı | Edinim Bilgisi | Ana Konular | Alt Konular | Yer Numarası | Demirbaş Numarası | Fatura Tarihi | Maliyet, Alış Fiyatı | Maliyet, Yenileme Fiyatı | Geri Çekilme Durumu | Kayıp Durumu | Hasarlı Durumu | Kredi için değil | Kayıt Tarih | Toplam Ödünçverme | Son Görülme Tarihi | Son Kontrol Tarihi | Genel / Bağış Notu |
|---|---|---|---|---|---|---|---|---|---|---|---|---|---|---|---|---|---|---|---|---|
| Book | BŞEÜ Gölpazarı MYO Kütüphanesi | BŞEÜ Gölpazarı MYO Kütüphanesi | Library of Congress Classification | Bağış | DİL VE EDEBİYAT | Slav Dilleri, Baltık Dilleri, Arnavutça | PG3478.A98 G86 2001 | 0018388 | 02/02/2026 | 6.00 | 6.00 | 30/06/2010 | 05/12/2024 | 05/12/2024 | Genel Bağış | |||||
| Book | BŞEÜ Gölpazarı MYO Kütüphanesi | BŞEÜ Gölpazarı MYO Kütüphanesi | Library of Congress Classification | Bağış | DİL VE EDEBİYAT | Slav Dilleri, Baltık Dilleri, Arnavutça | PG3478.A98 G86 2001 | 0018465 | 02/02/2026 | 6.00 | 6.00 | 01/07/2010 | 05/12/2024 | 05/12/2024 | Genel Bağış |
